000 01471cam a2200337 a 4500
001 3547
003 BD-RjUL
005 20211208233741.0
008 131219s1983 pk 101 0 eng d
035 _a(BD-RjUL)3581
035 _a2574405
040 _aLC
_beng
_cLC
_dLC
041 _aeng
082 0 4 _a332.10917671
_219
_bMON
245 0 0 _aMoney and banking in Islam /
_cedited by Ziauddin Ahmed, Munawar Iqbal, M. Fahim Khan.
260 _aIslamabad, Pakistan :
_bProduced for the International Centre for Research in Islamic Economics, King Abdul Aziz University, Jeddah by Institute of Policy Studies,
_cc1983.
300 _aviii, 299 p. ;
_c23 cm.
500 _aPapers presented at the International Seminar on Monetary and Fiscal Economics of Islam held in Islamabad, Pakistan in January 1981.
504 _aIncludes bibliographical references and index.
650 0 _aBanks and banking
_zIslamic countries
_xCongresses.
_911191
650 0 _aBanks and banking
_xReligious aspects
_xIslam
_xCongresses.
_911192
700 1 _aFahim Khan, M.
_911193
700 1 _aAhmed, Ziauddin.
_911194
700 1 _aIqbal, Munawar.
_911195
710 2 _aInstitute of Policy Studies (Islamabad, Pakistan)
_911196
710 2 _aInternational Centre for Research in Islamic Economics.
_911197
711 2 _aInternational Seminar on Monetary and Fiscal Economics of Islam,
_d(1981 :
_cPakistan)
_911198
942 _2ddc
_cBK
999 _c3547
_d3547